الكابوس المرعب / (رقم التسجيلة. 141568)

تفاصيل مارك
000 -LEADER
fixed length control field 00598nam a22001937a 4500
005 - DATE AND TIME OF LATEST TRANSACTION
control field 20251108175742.0
008 - FIXED-LENGTH DATA ELEMENTS--GENERAL INFORMATION
fixed length control field 250721s2019 xx 000 0 ara d
082 14 - DEWEY DECIMAL CLASSIFICATION NUMBER
Classification number ط/ق/مكت
100 1# - MAIN ENTRY--PERSONAL NAME
Personal name مطلق، ألبير
Relator term مشرف
245 10 - TITLE STATEMENT
Title الكابوس المرعب /
264 1# - PRODUCTION, PUBLICATION, DISTRIBUTION, MANUFACTURE, AND COPYRIGHT NOTICE
Place of production, publication, distribution, manufacture بيروت - لبنان :
Name of producer, publisher, distributor, manufacturer مكتبة لبنان ناشرون،
Date of production, publication, distribution, manufacture, or copyright notice 2019.
300 ## - PHYSICAL DESCRIPTION
Extent 31ص.
650 17 - SUBJECT ADDED ENTRY--TOPICAL TERM
Topical term or geographic name as entry element ادب الاطفال
650 17 - SUBJECT ADDED ENTRY--TOPICAL TERM
Topical term or geographic name as entry element القصص القصيرة
653 ## - INDEX TERM--UNCONTROLLED
Uncontrolled term ناشئون صغار (16ـ14)سنة
700 1# - ADDED ENTRY--PERSONAL NAME
Personal name شربل، ميرنا
Relator term معد
942 ## - ADDED ENTRY ELEMENTS (KOHA)
Source of classification or shelving scheme Dewey Decimal Classification
Koha item type كتب
المقتنيات
حالة السحب حالة الفقدان مصدر التصنيف حالة التلف غير قابل للإعارة المكتبة الرئيسية المكتبة الحالية موقع الرف تاريخ التزويد الرقم المتسلسل Total Checkouts رقم الإستدعاء الباركود تاريخ آخر ظهور تاريخ الفاتورة نوع المادة (كوها)
    Dewey Decimal Classification     مكتبة أم قصير والمقابلين العامة مكتبة أم قصير والمقابلين العامة الأطفال 01/02/2021 1743316   ط/ق/مكت PLD00489870 28/07/2025 01/02/2021 كتب
    Dewey Decimal Classification     مكتبة الاميرة بديعة مكتبة الاميرة بديعة الأطفال 28/07/2025 1742839   ط/ق/مكت PLD00486331 28/07/2025 28/07/2025 كتب
    Dewey Decimal Classification     مكتبة صويلح العامة مكتبة صويلح العامة الأطفال 01/02/2021 1742984   ط/ق/مكت PLD00489868 28/07/2025 01/02/2021 كتب
    Dewey Decimal Classification     مكتبة وادي السير العامة مكتبة وادي السير العامة الأطفال 01/02/2021 1743080   ط/ق/مكت PLD00489869 28/07/2025 01/02/2021 كتب
Implemented & Customized by: BBB with SCIT (Smart Chains for Information Technology)

Powered by Koha